|
|
|
|
| LEADER |
00998nam a2200265 a 4500 |
| 001 |
c000302358 |
| 003 |
CARM |
| 005 |
20061111054810.0 |
| 008 |
930511s1994 nyua b 00100 eng |
| 019 |
1 |
|
|a 10111232
|5 LACONCORD2021
|
| 020 |
|
|
|a 0393310906
|
| 035 |
|
|
|a (OCoLC)28183916
|5 LACONCORD2021
|
| 043 |
|
|
|a n-us---
|
| 050 |
0 |
0 |
|a PS615
|b .P669 1994
|
| 082 |
0 |
0 |
|a 811/.540801
|2 20
|
| 245 |
0 |
0 |
|a Postmodern American poetry :
|b a Norton anthology /
|c edited by Paul Hoover.
|
| 260 |
|
|
|a New York :
|b Norton,
|c c1994.
|
| 300 |
|
|
|a xxxix, 701 p. :
|b ill. ;
|c 24 cm.
|
| 504 |
|
|
|a Includes bibliographical references and index.
|
| 650 |
|
0 |
|a American poetry
|y 20th century.
|
| 650 |
|
0 |
|a Postmodernism (Literature)
|z United States.
|
| 700 |
1 |
|
|a Hoover, Paul,
|d 1946-
|
| 852 |
8 |
|
|b CARM
|h A3:AE02B0
|i B11480
|p 0542654
|f BK
|
| 999 |
f |
f |
|i 15b0ec26-6379-5180-a768-c11cebf32c8d
|s f7763fdd-7db5-56ef-ba5f-57a8a9b2fd2e
|
| 952 |
f |
f |
|p Can circulate
|a CAVAL
|b CAVAL
|c CAVAL
|d CARM 1 Store
|e B11480
|f A3:AE02B0
|h Other scheme
|i book
|m 0542654
|